000 00296nam a22001337a 4500
008 190226b xxu||||| |||| 00| 0 eng d
020 _a9780803617544
041 _aeng
080 _a610.73
100 _a1
101 _aINF
245 _aMaternal-Newborn Nursing
_cChapman, L
942 _2udc
_cBK
999 _c54311
_d54311